000 00492nam a2200169Ia 4500
005 20250923145836.0
008 008 250917s9999 xx 000 0 eng d
037 _aTextual
040 _aDSWL
_beng
_cDSWL
041 _aeng
_2eng
084 _aT.2:g, N90
_qDSWL
245 2 _aA prespective paper on education
260 _aNew Delhi
_bCommittee for New of National Education and Policy India
_c1990
300 _a45
942 _cTEXL
_hT.2:g, N90
999 _c1456377
_d1456377